| 000 | 00533cam a2200169 4500500 | ||
|---|---|---|---|
| 005 | 20250921003629.0 | ||
| 041 | _afre | ||
| 042 | _adc | ||
| 100 | 1 | 0 |
_aMorel, François _eauthor |
| 245 | 0 | 0 | _a« Science sans conscience n’est que ruine de l’âme » |
| 260 | _c2018. | ||
| 500 | _a9 | ||
| 690 | _aFrançois Morel | ||
| 690 | _aRabelais | ||
| 786 | 0 | _nPhilosophie Magazine | 121 | 8 | 2018-07-01 | p. 70-70 | |
| 856 | 4 | 1 | _uhttps://shs.cairn.info/magazine-philosophie-magazine-2018-8-page-70?lang=fr&redirect-ssocas=7080 |
| 999 |
_c1506675 _d1506675 |
||